[Event "AUTO-INT-3708"]
[Site "http://www.queenalice.com/game.php?id=1772312"]
[Date "2021.10.16"]
[Round "1"]
[White "Krajnicov"]
[Black "SamuraiJOM"]
[Result "0-1"]
[WhiteElo "1526"]
[BlackElo "1693"]

1. e4 e5 2. Qf3 Nf6 3. Bc4 Bc5 4. g4 h6 5. h4 c6 6. g5 hxg5 7. hxg5 Rxh1 8. Qxh1
b5 9. Bb3 Bf8 10. gxf6 Qxf6 11. Qh8 Bb7 12. Qg8 c5 13. d3 Nc6 14. Bg5 Qg6 15.
Nf3 Ne7 16. Qh8 f6 17. Be3 O-O-O 18. Qh3 Nc6 19. a4 b4 20. Nh4 Qh5 21. c3 g5 22.
Bd1 Qxh4 23. Qf5 Qh1+ 24. Ke2 Be7 25. a5 a6 26. Nd2 Qh5+ 27. Ke1 Qf7 28. c4 Kb8
29. Ba4 Qh5 30. f3 Qh1+ 31. Nf1 Qh4+ 32. Bf2 Qh6 33. Ng3 Bc8 34. Ke2 Qh2 35. Rh1
Nd4+ 0-1

[Event "AUTO-INT-3708"]
[Site "http://www.queenalice.com/game.php?id=1772327"]
[Date "2021.10.16"]
[Round "1"]
[White "caradepau"]
[Black "Krajnicov"]
[Result "1-0"]
[WhiteElo "1535"]
[BlackElo "1624"]

1. e4 e5 2. Qh5 Qf6 3. Bc4 g6 4. Qe2 Bc5 5. Nf3 Nh6 6. h3 g5 7. d3 c6 8. Bxg5
Qg7 9. a3 Rg8 10. Nc3 f6 11. Bxh6 Qxh6 12. Bxg8 d5 13. exd5 Qg6 14. dxc6 Qxg8
15. O-O Bxh3 16. Nh4 bxc6 17. Qh5+ Kd7 18. Ne4 Na6 19. Nxf6+ Kc7 20. Nxg8 Rxg8
21. Qf7+ Kd6 22. Qxg8 Be6 23. Qxh7 Nc7 24. Nf5+ Kd5 25. c4# 1-0

[Event "AUTO-INT-3708"]
[Site "http://www.queenalice.com/game.php?id=1772328"]
[Date "2021.10.16"]
[Round "1"]
[White "Krajnicov"]
[Black "caradepau"]
[Result "1-0"]
[WhiteElo "1635"]
[BlackElo "1517"]

1. e4 e5 2. Qf3 Bc5 3. Bc4 Nf6 4. g4 h6 5. h4 d6 6. g5 hxg5 7. hxg5 Bg4 8. Rxh8+
Ke7 9. Qh1 Qd7 10. gxf6+ Kxf6 11. Qh4+ g5 12. Rh6+ Ke7 13. Qxg5+ f6 14. Qxf6+
Ke8 15. Rh8# 1-0

[Event "AUTO-INT-3708"]
[Site "http://www.queenalice.com/game.php?id=1772337"]
[Date "2021.10.16"]
[Round "1"]
[White "luiz_gustavo"]
[Black "Krajnicov"]
[Result "1-0"]
[WhiteElo "1721"]
[BlackElo "1452"]

1. e4 e5 2. Nf3 Qf6 3. Nc3 c6 4. d3 Bc5 5. Bg5 Qg6 6. Qd2 h6 7. Bh4 Qg4 8. h3
Qe6 9. O-O-O d5 10. exd5 Qd6 11. g4 cxd5 12. Bg2 d4 13. Ne4 Qa6 14. Kb1 Be6 15.
b3 Qa3 16. Nxe5 Bb4 17. Qc1 Qa5 18. Qb2 f6 19. Ng6 Rh7 20. Qxd4 Nc6 21. Nd6+
Bxd6 22. Qxd6 Kf7 23. Be4 Rd8 24. Qf4 Nd4 25. Qd2 Qc7 26. f4 Ne7 27. Nxe7 g6 28.
Nxg6 Rg7 29. f5 Bd7 30. Bd5+ Ke8 31. Bxf6 Rh7 32. Rde1+ Be6 33. Bxd4 Rxd5 34.
Rxe6+ Kd7 35. Nf8+ Kd8 36. Nxh7 Qxh7 37. Bf6+ Kc7 38. Re7+ Rd7 39. Rxh7 Rxh7 40.
Qc3+ Kd6 41. Re1 Rc7 42. Be5+ 1-0

[Event "AUTO-INT-3708"]
[Site "http://www.queenalice.com/game.php?id=1772338"]
[Date "2021.10.16"]
[Round "1"]
[White "Krajnicov"]
[Black "luiz_gustavo"]
[Result "1-0"]
[WhiteElo "1608"]
[BlackElo "1600"]

1. e4 e5 2. Qf3 Nc6 3. c3 Nf6 4. Bc4 d6 5. h3 b6 6. g4 Bb7 7. g5 d5 8. Bb3 dxe4
9. Qe2 Nd7 10. Qxe4 Na5 11. Bxf7+ Kxf7 12. Qf5+ Kg8 13. Qe6# 1-0

[Event "AUTO-INT-3715"]
[Site "http://www.queenalice.com/game.php?id=1774649"]
[Date "2021.11.12"]
[Round "1"]
[White "saturnin"]
[Black "Krajnicov"]
[Result "0-1"]
[WhiteElo "1523"]
[BlackElo "1576"]

1. e4 e5 2. c3 Bc5 3. d4 exd4 4. cxd4 Qe7 5. dxc5 Qxe4+ 6. Ne2 Qb4+ 7. Nd2 Qxc5
8. Ne4 Qc4 9. N2g3 Qe6 10. Qe2 Nf6 11. Nxf6+ gxf6 12. b3 b6 13. Bf4 O-O 14. Bxc7
Nc6 15. Bf4 Nd4 16. Qxe6 dxe6 17. Bd3 e5 18. Bd2 f5 19. O-O f4 20. Ne4 Bf5 21.
Nf6+ Kg7 22. Ne4 h5 23. Bb1 Rh8 24. Nd6 Be6 25. Re1 Rad8 26. Ne4 f5 27. Nc3 Kf6
28. b4 Rdg8 29. Ne2 Nf3+ 30. Kf1 Nh4 31. g3 f3 32. Nc3 Ng6 33. h4 f4 34. a4 Ne7
35. gxf4 Bc4+ 36. Ne2 Rg2 37. fxe5+ Kxe5 38. Bc3+ Kd5 39. Bxh8 Rh2 40. Bf6 Rh1#
0-1

[Event "AUTO-INT-3715"]
[Site "http://www.queenalice.com/game.php?id=1774650"]
[Date "2021.11.12"]
[Round "1"]
[White "Krajnicov"]
[Black "saturnin"]
[Result "0-1"]
[WhiteElo "1576"]
[BlackElo "1482"]

1. e4 d6 2. Bc4 e6 3. Qf3 Nc6 4. c3 Nf6 5. h3 d5 6. exd5 Nxd5 7. Ne2 Bc5 8. g4
O-O 9. h4 Nb6 10. d3 Nxc4 11. dxc4 Ne5 12. Qe4 Nc6 13. g5 e5 14. h5 Ne7 15. Qxe5
Bd6 16. Qd4 Nf5 17. Qd3 a6 18. g6 fxg6 19. hxg6 h6 20. Qd5+ Kh8 21. Nd4 Qe7+ 22.
Kd1 c6 23. Qg2 Rf6 24. Rh5 Nxd4 25. Bxh6 gxh6 26. Rxh6+ Kg8 27. Qg5 Qe2+ 28. Kc1
Qc2# 0-1

[Event "AUTO-INT-3715"]
[Site "http://www.queenalice.com/game.php?id=1774665"]
[Date "2021.11.12"]
[Round "1"]
[White "Krajnicov"]
[Black "Archer"]
[Result "0-1"]
[WhiteElo "1590"]
[BlackElo "1640"]

1. e4 e6 2. Qf3 b6 3. h4 Ba6 4. c4 Nc6 5. a3 Nd4 6. Qc3 c5 7. b4 Nf6 8. Nf3 Nxe4
9. Qb2 d5 10. d3 Nd6 11. cxd5 exd5 12. Be3 N4f5 13. Qe2 Be7 14. Nc3 d4 15. b5
Bxb5 16. Nxb5 Nxb5 17. Bf4 O-O 18. g4 Nxh4 19. Nxh4 Bxh4 20. g5 Re8 21. Be3 dxe3
22. Qg4 exf2+ 23. Kd2 Bxg5+ 24. Kc2 Re1 25. Kb2 Bf6+ 26. Ka2 Rxa1+ 27. Kb3 Rxf1
28. Rxf1 Qxd3+ 29. Ka2 Qc2# 0-1

[Event "AUTO-INT-3715"]
[Site "http://www.queenalice.com/game.php?id=1774666"]
[Date "2021.11.12"]
[Round "1"]
[White "Archer"]
[Black "Krajnicov"]
[Result "1-0"]
[WhiteElo "1646"]
[BlackElo "1604"]

1. e4 e5 2. Nf3 Qf6 3. Bc4 Bc5 4. d3 h6 5. h4 Qb6 6. O-O g5 7. Nxe5 gxh4 8. Qf3
Nf6 9. Bxf7+ Ke7 10. Bc4 d6 11. Ng6+ Kd7 12. Qxf6 Re8 13. Nf8+ Kc6 14. Bd5+ Kb5
15. a4+ Ka6 16. Bc4+ Ka5 17. Bd2+ Bb4 18. c3 Bc5 19. d4 Qxb2 20. Ra2 Qb6 21. Bb5
Bb4 22. cxb4# 1-0

[Event "AUTO-INT-3726"]
[Site "http://www.queenalice.com/game.php?id=1777762"]
[Date "2021.12.20"]
[Round "1"]
[White "profeta"]
[Black "Krajnicov"]
[Result "1-0"]
[WhiteElo "1559"]
[BlackElo "1590"]

1. e4 e5 2. Nf3 Qf6 3. Nc3 c6 4. d4 d6 5. d5 c5 6. Bb5+ Kd8 7. Bg5 Qxg5 8. Nxg5
Ke7 9. Qf3 f6 10. Ne6 Nh6 11. Nc7 a6 12. Nxa8 axb5 13. Nxb5 b6 14. Nxb6 Ba6 15.
Na7 Nd7 16. Nc6+ 1-0

[Event "AUTO-INT-3726"]
[Site "http://www.queenalice.com/game.php?id=1777763"]
[Date "2021.12.20"]
[Round "1"]
[White "Krajnicov"]
[Black "profeta"]
[Result "0-1"]
[WhiteElo "1573"]
[BlackElo "1576"]

1. e4 e5 2. Qf3 Nf6 3. Bc4 Nc6 4. c3 Bc5 5. g4 h6 6. h4 d6 7. g5 hxg5 8. hxg5
Rxh1 9. Qxh1 Na5 10. Bb3 Nxb3 11. axb3 Nxe4 12. Qh8+ Kd7 13. Qxg7 Bxf2+ 14. Kf1
Bxg1 15. Kxg1 Nxg5 0-1

[Event "AUTO-INT-3726"]
[Site "http://www.queenalice.com/game.php?id=1777784"]
[Date "2021.12.20"]
[Round "1"]
[White "delphicoracle"]
[Black "Krajnicov"]
[Result "1-0"]
[WhiteElo "1424"]
[BlackElo "1557"]

1. d4 d5 2. Nc3 Nc6 3. Bf4 Bf5 4. Nf3 f6 5. Nb5 e5 6. dxe5 Kf7 7. e3 Bb4+ 8. c3
Ba5 9. Nbd4 Nxd4 10. exd4 Ne7 11. b4 Bb6 12. Bd3 g5 13. exf6 1-0

[Event "AUTO-INT-3726"]
[Site "http://www.queenalice.com/game.php?id=1777785"]
[Date "2021.12.20"]
[Round "1"]
[White "Krajnicov"]
[Black "delphicoracle"]
[Result "0-1"]
[WhiteElo "1557"]
[BlackElo "1455"]

1. e4 e5 2. Qf3 Nf6 3. Bc4 Nc6 4. c3 Be7 5. g4 d5 6. Bb3 dxe4 7. Qg3 Bxg4 8. h3
Bh5 9. Qxg7 Rg8 10. Qxf7+ Bxf7 11. Ne2 Qd3 0-1